[Event "CAN-ch"]
[Site "Winnipeg CAN"]
[Date "1986.07.??"]
[Round "2"]
[White "Hergott, Deen"]
[Black "Nickoloff, Bryon"]
[Result "1/2-1/2"]
[WhiteElo "2250"]
[BlackElo "2420"]
[PlyCount "81"]
[EventDate "1986.07.12"]
[EventType "tourn"]
[EventRounds "15"]
[EventCountry "CAN"]

1. Nf3 Nf6 2. c4 c5 3. Nc3 d5 4. cxd5 Nxd5 5. e4 Nb4 6. Bb5+ Bd7 7. a3 N4c6 8.
d4 cxd4 9. Nxd4 g6 10. Be3 Bg7 11. Qa4 O-O 12. Rd1 Nxd4 13. Bxd4 Bxb5 14. Nxb5
Bxd4 15. Nxd4 Qc8 16. O-O Rd8 17. e5 Nc6 18. Nxc6 Qxc6 19. Rxd8+ Rxd8 20. Qxa7
Qb5 21. b4 Rd2 22. h3 Qd5 23. Rc1 Re2 24. Qc5 Qxe5 25. Qxe5 Rxe5 26. Rc7 b6 27.
Kf1 Kg7 28. Rc3 b5 29. Rc6 h5 30. g3 e6 31. Rc3 Kf6 32. f4 Rd5 33. Ke2 e5 34.
Kf3 exf4 35. Kxf4 Rd6 36. Rc5 Ra6 37. Rxb5 Rxa3 38. Rb6+ Ke7 39. h4 Rb3 40. b5
Kd7 41. Rb7+ 1/2-1/2

[Event "CAN-ch qual."]
[Site "Toronto CAN"]
[Date "1986.05.04"]
[Round "5"]
[White "Pacey, Kevin"]
[Black "Hergott, Deen"]
[Result "1/2-1/2"]
[WhiteElo "2222"]
[BlackElo "2351"]
[PlyCount "55"]
[EventDate "1986.05.02"]
[EventType "swiss"]
[EventRounds "5"]
[EventCountry "CAN"]

1. e4 e6 2. d4 d5 3. Nc3 Nf6 4. e5 Nfd7 5. f4 c5 6. Nf3 Nc6 7. Be3 cxd4 8. Nxd4
Bc5 9. Qd2 Nxd4 10. Bxd4 Bxd4 11. Qxd4 Qb6 12. Nb5 Qxd4 13. Nxd4 g5 14. Bb5 Ke7
15. Bxd7 Bxd7 16. O-O gxf4 17. Rxf4 Rhg8 18. Raf1 Rg7 19. Rh4 Rh8 20. Rf6 h5
21. Rf3 Rg4 22. Rxg4 hxg4 23. Rb3 b6 24. Ra3 a5 25. Rb3 b5 26. Ra3 a4 27. Rc3
Rh5 28. Re3 1/2-1/2

[Event "Toronto op"]
[Site "Toronto CAN"]
[Date "1986.03.30"]
[Round "6"]
[White "Hergott, Deen"]
[Black "Stone, Raymond"]
[Result "0-1"]
[WhiteElo "2361"]
[BlackElo "2361"]
[PlyCount "82"]
[EventDate "1986.03.28"]
[EventType "swiss"]
[EventRounds "6"]
[EventCountry "CAN"]

1. e4 c5 2. Nc3 g6 3. f4 Bg7 4. Nf3 Nc6 5. Bc4 e6 6. f5 Nge7 7. fxe6 fxe6 8.
O-O d5 9. exd5 exd5 10. Nxd5 Nxd5 11. Qe1+ Nde7 12. d3 b5 13. Bxb5 O-O 14. Bg5
Qd6 15. Bxe7 Nxe7 16. Bc4+ Nd5 17. Ng5 Bb7 18. Qh4 h6 19. Ne4 Qe5 20. Qg4 Kh7
21. Qd7 Qe7 22. Qxe7 Nxe7 23. c3 Bxe4 24. dxe4 Rab8 25. Rxf8 Bxf8 26. Rf1 Bg7
27. Rf7 Nc6 28. Bd5 Ne5 29. Rxa7 Rxb2 30. h3 h5 31. a4 Kh6 32. Ra6 Nd3 33. Bf7
Nf4 34. g3 Rg2+ 35. Kf1 Rxg3 36. a5 Bxc3 37. Kf2 h4 38. Ra8 Bd4+ 39. Ke1 Rxh3
40. a6 Ra3 41. Bc4 Be3 0-1

[Event "Fall op"]
[Site "Kitchener CAN"]
[Date "1985.11.04"]
[Round "1"]
[White "Smith, Charles"]
[Black "Hergott, Deen"]
[Result "0-1"]
[WhiteElo "2050"]
[BlackElo "2346"]
[PlyCount "134"]
[EventDate "1985.11.04"]
[EventType "swiss"]
[EventRounds "5"]
[EventCountry "CAN"]

1. e4 g6 2. d4 Bg7 3. c4 d6 4. Nc3 Nc6 5. d5 Nd4 6. Be3 c5 7. Nge2 Qb6 8. Qd2
Nf6 9. h3 O-O 10. O-O-O Nxe2+ 11. Bxe2 Qa5 12. Bh6 Bxh6 13. Qxh6 b5 14. cxb5 a6
15. bxa6 Bxa6 16. Bxa6 Rxa6 17. Rhe1 Nd7 18. Qh4 Rb8 19. Qg3 Ne5 20. f4 Nc4 21.
b3 Qa3+ 22. Kc2 Qb2+ 23. Kd3 Rb4 24. bxc4 Rxa2 25. Re2 Qxe2+ 26. Nxe2 Rb3+ 27.
Nc3 Rxc3+ 28. Kxc3 Ra3+ 29. Kd2 Rxg3 30. Rg1 g5 31. fxg5 Kg7 32. h4 Kg6 33. Rf1
Rxg2+ 34. Ke3 Rc2 35. Kd3 Rh2 36. e5 Rh3+ 37. Ke2 dxe5 38. d6 exd6 39. Rf6+ Kg7
40. Rxd6 Rxh4 41. Rd5 Rxc4 42. Rxe5 Kg6 43. Ke3 Rc1 44. Kd2 Rg1 45. Rxc5 Rxg5
46. Rc7 Re5 47. Rc1 h5 48. Rg1+ Kh6 49. Rh1 Kg5 50. Rg1+ Kh4 51. Kd3 Kh3 52.
Kd4 Re7 53. Rh1+ Kg4 54. Rg1+ Kf4 55. Rf1+ Kg3 56. Rg1+ Kh2 57. Rg7 h4 58. Kd3
h3 59. Kd2 Kh1 60. Kd1 h2 61. Kd2 Re6 62. Rxf7 Rg6 63. Ke2 Kg2 64. Rf2+ Kh3 65.
Rf3+ Rg3 66. Rf1 Rg1 67. Rf3+ Kg4 0-1

[Event "Fall op"]
[Site "Kitchener CAN"]
[Date "1985.11.04"]
[Round "2"]
[White "Hergott, Deen"]
[Black "Gentes, Kevin"]
[Result "1-0"]
[WhiteElo "2346"]
[BlackElo "2153"]
[PlyCount "65"]
[EventDate "1985.11.04"]
[EventType "swiss"]
[EventRounds "5"]
[EventCountry "CAN"]

1. d4 d5 2. Nf3 c5 3. c4 e6 4. cxd5 exd5 5. g3 Nc6 6. Bg2 Nf6 7. O-O Be7 8. Nc3
O-O 9. Bg5 cxd4 10. Nxd4 h6 11. Bf4 Bg4 12. h3 Be6 13. Nxe6 fxe6 14. e4 d4 15.
e5 dxc3 16. exf6 Bxf6 17. bxc3 Bxc3 18. Rb1 Qxd1 19. Rfxd1 Rad8 20. Rdc1 Bd2
21. Bxd2 Rxd2 22. Rxb7 Nd4 23. Rcc7 Rd1+ 24. Kh2 Rxf2 25. Rxg7+ Kf8 26. h4 Rdd2
27. Kh3 Rxg2 28. Rbf7+ Ke8 29. Rxa7 Kf8 30. Rgd7 Ke8 31. Rh7 Rxg3+ 32. Kxg3
Nf5+ 33. Kf4 1-0

[Event "Toronto Class ch"]
[Site "Toronto CAN"]
[Date "1985.02.02"]
[Round "2"]
[White "Pacey, Kevin"]
[Black "Hergott, Deen"]
[Result "0-1"]
[WhiteElo "2199"]
[BlackElo "2332"]
[PlyCount "114"]
[EventDate "1985.02.01"]
[EventType "swiss"]
[EventRounds "5"]
[EventCountry "CAN"]

1. e4 e6 2. d4 d5 3. Nc3 Bb4 4. e5 c5 5. a3 Bxc3+ 6. bxc3 Ne7 7. Qg4 Qc7 8.
Qxg7 Rg8 9. Qxh7 cxd4 10. Kd1 Nbc6 11. Nf3 dxc3 12. Ng5 Nxe5 13. Bf4 Qb6 14.
Bxe5 Rxg5 15. Bxc3 Bd7 16. Qh4 Rg8 17. Qf4 Rc8 18. Bd4 Ng6 19. Qf6 Qc7 20. Bd3
Ba4 21. Rc1 Qe7 22. Qxe7+ Kxe7 23. g3 e5 24. Re1 e4 25. Bxa7 Kd6 26. Bf1 Ne5
27. Re3 Rc6 28. Bd4 Rgc8 29. Bxe5+ Kxe5 30. Re2 d4 31. f3 e3 32. f4+ Kf6 33.
Rg2 Rc3 34. Re2 Bb5 35. Rxe3 Rxe3 36. Bxb5 Rxa3 37. Kd2 Rh8 38. Rh1 Rxg3 39.
hxg3 Rxh1 40. Ke2 Rh2+ 41. Kd3 Rg2 42. Bc4 Rxg3+ 43. Kxd4 Ke7 44. Bd5 b6 45.
Ke4 Rc3 46. Bb3 Rc5 47. Kd4 f6 48. Ke4 Kd6 49. Kd4 Rh5 50. Bf7 Rh2 51. Bb3 f5
52. Kd3 Rh4 53. Ke3 Rh3+ 54. Ke2 Rc3 55. Kf2 b5 56. Ke2 b4 57. Ba4 Kd5 0-1

[Event "Paul Vaitonis mem"]
[Site "Toronto CAN"]
[Date "1984.10.06"]
[Round "2"]
[White "Hergott, Deen"]
[Black "Southam, David"]
[Result "1-0"]
[WhiteElo "2337"]
[BlackElo "2071"]
[PlyCount "57"]
[EventDate "1984.10.06"]
[EventType "swiss"]
[EventRounds "5"]
[EventCountry "CAN"]

1. e4 d6 2. d4 Nf6 3. Nc3 g6 4. g3 Bg7 5. Bg2 O-O 6. Nge2 e5 7. O-O Nc6 8. dxe5
dxe5 9. Bg5 Qxd1 10. Raxd1 h6 11. Be3 Bg4 12. f3 Be6 13. Nd5 Rfc8 14. Bxh6 Bxd5
15. Bxg7 Bc4 16. Bxf6 Bxe2 17. Bh3 Rf8 18. Rd7 Bxf1 19. Kxf1 Rfc8 20. f4 exf4
21. gxf4 b5 22. Rd3 Rd8 23. Bd7 Kf8 24. Bxc6 Rxd3 25. cxd3 Rb8 26. d4 Rb6 27.
d5 b4 28. e5 Ra6 29. d6 1-0

[Event "Oktoberfest op"]
[Site "Kitchener CAN"]
[Date "1984.10.??"]
[Round "?"]
[White "Hartman, Brian"]
[Black "Hergott, Deen"]
[Result "0-1"]
[WhiteElo "2367"]
[BlackElo "2333"]
[PlyCount "78"]
[EventDate "1984.10.??"]
[EventType "swiss"]
[EventRounds "5"]
[EventCountry "CAN"]

1. e4 c5 2. Nf3 Nc6 3. d4 cxd4 4. Nxd4 e5 5. Nb5 Nf6 6. N1c3 d6 7. Bg5 a6 8.
Na3 b5 9. Bxf6 gxf6 10. Nd5 f5 11. c3 Bg7 12. exf5 Bxf5 13. Nc2 O-O 14. Nce3
Be6 15. Bd3 f5 16. Qh5 e4 17. Bc2 Kh8 18. O-O Qe8 19. Qh4 Ne5 20. Nf4 Ng6 21.
Nxg6+ Qxg6 22. f4 d5 23. Rad1 Rad8 24. Qe7 Rfe8 25. Qc5 Rc8 26. Qb6 d4 27. cxd4
Bxa2 28. Qb7 Bc4 29. Rfe1 Rcd8 30. d5 Bf8 31. Kh1 Bc5 32. b3 Re7 33. Qc6 Bxe3
34. d6 Rg7 35. g3 Bf2 36. bxc4 Bxe1 37. c5 Bxg3 38. Rg1 Qh6 39. Rg2 Bxf4 0-1

[Event "Scarborough Fall op"]
[Site "Scarborough CAN"]
[Date "1984.09.22"]
[Round "3"]
[White "Pacey, Kevin"]
[Black "Hergott, Deen"]
[Result "1/2-1/2"]
[WhiteElo "2092"]
[BlackElo "2290"]
[PlyCount "36"]
[EventDate "1984.09.21"]
[EventType "swiss"]
[EventRounds "5"]
[EventCountry "CAN"]

1. e4 e6 2. d4 d5 3. Nc3 Nf6 4. Bg5 Bb4 5. e5 h6 6. Bd2 Bxc3 7. bxc3 Ne4 8. Qg4
g6 9. Bd3 Nxd2 10. Kxd2 c5 11. Nf3 Nd7 12. Rhb1 cxd4 13. cxd4 Qa5+ 14. c3 Nb6
15. Rb5 Qa3 16. Rb3 Qa5 17. Rb5 Qa3 18. Rb3 Qa5 1/2-1/2

[Event "Toronto int."]
[Site "Toronto CAN"]
[Date "1984.07.21"]
[Round "1"]
[White "Hergott, Deen"]
[Black "Jung, Hans"]
[Result "1-0"]
[WhiteElo "2275"]
[BlackElo "2074"]
[PlyCount "55"]
[EventDate "1984.07.21"]
[EventType "swiss"]
[EventRounds "10"]
[EventCountry "CAN"]

1. c4 c5 2. Nf3 Nf6 3. Nc3 d5 4. cxd5 Nxd5 5. e4 Nb4 6. Bb5+ N8c6 7. d4 cxd4 8.
a3 dxc3 9. Qxd8+ Kxd8 10. axb4 Nxb4 11. bxc3 Nc2+ 12. Ke2 Nxa1 13. Rd1+ Kc7 14.
Bf4+ Kb6 15. Rb1 Kc5 16. Ne5 Be6 17. Nd3+ Kb6 18. Bc4+ Kc6 19. Bb5+ Kb6 20.
Bc4+ Kc6 21. Ne5+ Kc5 22. Rb5+ Kd6 23. Nxf7+ Kc6 24. Ne5+ Kd6 25. Nd3+ Kc6 26.
Rc5+ Kd7 27. Rc7+ Kd8 28. Bxe6 1-0

[Event "Toronto int."]
[Site "Toronto CAN"]
[Date "1984.07.22"]
[Round "2"]
[White "Gruenfeld, Yehuda"]
[Black "Hergott, Deen"]
[Result "1-0"]
[WhiteElo "2535"]
[BlackElo "2275"]
[PlyCount "83"]
[EventDate "1984.07.21"]
[EventType "swiss"]
[EventRounds "10"]
[EventCountry "CAN"]

1. e4 e6 2. d4 d5 3. Nd2 Nf6 4. e5 Nfd7 5. c3 c5 6. Bd3 b6 7. Nh3 Ba6 8. Bxa6
Nxa6 9. O-O Be7 10. Qg4 g6 11. Nf3 h6 12. Be3 Nc7 13. a4 c4 14. b3 cxb3 15. Nd2
b2 16. Ra2 b5 17. Qd1 Nb6 18. axb5 Qd7 19. Ra5 Nc8 20. Qc2 Rb8 21. Rb1 Rxb5 22.
Rxb5 Nxb5 23. Qxb2 Na3 24. Ra1 Qb5 25. Qc1 Nc4 26. Nxc4 Qxc4 27. Bxh6 a5 28.
Bg5 Qc7 29. Bxe7 Nxe7 30. Qa3 O-O 31. Qxa5 Rc8 32. Qxc7 Rxc7 33. Ra3 Nf5 34. g3
Rb7 35. Ng5 Rb1+ 36. Kg2 Rb2 37. Kf3 Rc2 38. g4 Nh6 39. Kg3 Kg7 40. f3 Rc1 41.
Ra7 Kf8 42. Rc7 1-0

[Event "Toronto int."]
[Site "Toronto CAN"]
[Date "1984.07.25"]
[Round "6"]
[White "Hergott, Deen"]
[Black "Farago, Ivan"]
[Result "0-1"]
[WhiteElo "2275"]
[BlackElo "2525"]
[PlyCount "56"]
[EventDate "1984.07.21"]
[EventType "swiss"]
[EventRounds "10"]
[EventCountry "CAN"]

1. e4 e6 2. d4 d5 3. Nc3 Bb4 4. Bd2 dxe4 5. Qg4 Qxd4 6. O-O-O h5 7. Qe2 Nf6 8.
Bg5 Qb6 9. Nxe4 Be7 10. h4 Nc6 11. Rh3 Nd4 12. Qe1 e5 13. Re3 Be6 14. Nc3 O-O-O
15. Rxe5 Rd7 16. Nge2 c5 17. Nf4 Bd6 18. Re3 Ng4 19. Nxe6 Nxe3 20. Nxd4 Nxd1
21. Na4 Qb4 22. Qxb4 cxb4 23. Kxd1 Be5 24. c3 bxc3 25. bxc3 Bxd4 26. Bb5 Bxf2+
27. Bxd7+ Kxd7 28. Ke2 Bb6 0-1

[Event "Toronto int."]
[Site "Toronto CAN"]
[Date "1984.07.27"]
[Round "8"]
[White "Hergott, Deen"]
[Black "Ginsburg, Mark"]
[Result "0-1"]
[WhiteElo "2275"]
[BlackElo "2442"]
[PlyCount "60"]
[EventDate "1984.07.21"]
[EventType "swiss"]
[EventRounds "10"]
[EventCountry "CAN"]

1. e4 g6 2. d4 Bg7 3. Nc3 d6 4. Bc4 Nf6 5. Qe2 c6 6. e5 dxe5 7. dxe5 Nd5 8. Bd2
O-O 9. O-O-O b5 10. Bxd5 cxd5 11. Bg5 Be6 12. Qxb5 Qc7 13. Rxd5 a6 14. Qc5 Qb7
15. Bxe7 Re8 16. Bd6 Nd7 17. Qa5 Nb6 18. Rd1 Nc4 19. Qb4 Qxg2 20. Nge2 a5 21.
Qb5 Qxf2 22. Kb1 Nxe5 23. Rhf1 Qa7 24. Nd5 Nd7 25. c3 Bxd5 26. Qxd5 Nf6 27. Qf3
Re3 28. Qf2 Ne4 29. Qg2 Qb7 30. Kc2 Nxd6 0-1

[Event "Royal City op"]
[Site "Guelph CAN"]
[Date "1984.??.??"]
[Round "?"]
[White "Hergott, Deen"]
[Black "Boyd, Stephen"]
[Result "1-0"]
[WhiteElo "2333"]
[BlackElo "2230"]
[PlyCount "53"]
[EventDate "1984.??.??"]
[EventType "swiss"]
[EventRounds "5"]
[EventCountry "CAN"]

1. Nf3 Nf6 2. c4 b6 3. d4 e6 4. Bf4 Bb4+ 5. Nbd2 Bb7 6. a3 Be7 7. h3 O-O 8. Qc2
c5 9. e4 cxd4 10. e5 Ne8 11. Bd3 f5 12. exf6 Nxf6 13. Be5 Nc6 14. Bxf6 Bxf6 15.
Bxh7+ Kh8 16. h4 d5 17. Ng5 Ne5 18. f4 Bxg5 19. hxg5 Rxf4 20. Bf5+ Kg8 21.
Bxe6+ Kf8 22. Rh8+ Ke7 23. Rxd8 Rxd8 24. cxd5 Bxd5 25. Qc7+ Kxe6 26. Qxd8 Nd3+
27. Ke2 1-0

[Event "Pan-Am intercoll."]
[Site "Worcester USA"]
[Date "1983.??.??"]
[Round "?"]
[White "Hergott, Deen"]
[Black "Hawkes, Rob"]
[Result "1-0"]
[WhiteElo "2249"]
[BlackElo "2282"]
[PlyCount "71"]
[EventDate "1983.12.26"]
[EventType "team"]
[EventRounds "8"]
[EventCountry "USA"]

1. c4 e5 2. Nc3 Nc6 3. e3 d6 4. g3 g6 5. Bg2 Bg7 6. Nge2 Be6 7. d4 Bxc4 8. d5
Bxe2 9. Qxe2 Nb8 10. Qb5+ Nd7 11. Qxb7 Ne7 12. Nb5 O-O 13. Qxc7 Qxc7 14. Nxc7
Rab8 15. a4 Nc5 16. O-O a6 17. b4 e4 18. bxc5 Bxa1 19. Bxe4 dxc5 20. Ba3 Be5
21. Nxa6 Ra8 22. Bxc5 Rxa6 23. Bxe7 Rb8 24. f4 Bc7 25. Rd1 Rxa4 26. d6 Bb6 27.
Bc6 Bxe3+ 28. Kg2 Ra2+ 29. Kh3 Bc5 30. Bf6 Bb6 31. d7 Rc2 32. Ba4 Rc4 33. Rb1
Rxa4 34. Rxb6 Rf8 35. d8=Q Rxd8 36. Bxd8 1-0

[Event "Remembrance Day op"]
[Site "Toronto CAN"]
[Date "1983.11.12"]
[Round "3"]
[White "Hartman, Brian"]
[Black "Hergott, Deen"]
[Result "0-1"]
[WhiteElo "2301"]
[BlackElo "2317"]
[PlyCount "85"]
[EventDate "1983.11.11"]
[EventType "swiss"]
[EventRounds "5"]
[EventCountry "CAN"]

1. e4 d6 2. d4 g6 3. Bc4 Bg7 4. f4 c5 5. c3 cxd4 6. cxd4 Qb6 7. Nf3 Nc6 8. d5
Nd4 9. e5 Nxf3+ 10. Qxf3 Nh6 11. Nc3 O-O 12. e6 Nf5 13. Bd2 Qc5 14. Qd3 b5 15.
Bb3 b4 16. Na4 Qd4 17. Qe2 fxe6 18. g4 Nh4 19. O-O-O Bd7 20. Be3 Qe4 21. Bc2
Rac8 22. Nc3 Qg2 23. Rhg1 Qxe2 24. Nxe2 exd5 25. Rxd5 Be6 26. Ra5 b3 27. axb3
Bxb3 28. Nc3 Bxc3 29. Bxb3+ Kg7 30. bxc3 Rxc3+ 31. Kd2 Rxb3 32. Rga1 Rb2+ 33.
Kd3 Rxh2 34. Rxa7 Kf7 35. Rb1 Ng2 36. Rbb7 Re8 37. Bd2 Rh4 38. Ke4 Rxg4 39. Kf3
h5 40. Rd7 Nh4+ 41. Ke4 Nf5 42. Bb4 Ke6 43. Be1 0-1

[Event "Octoberfest"]
[Site "Kitchener CAN"]
[Date "1983.10.??"]
[Round "?"]
[White "Hergott, Deen"]
[Black "Allan, Denis"]
[Result "1-0"]
[WhiteElo "2115"]
[BlackElo "2283"]
[PlyCount "87"]
[EventDate "1983.10.??"]
[EventType "swiss"]
[EventCountry "CAN"]

1. c4 g6 2. d4 Bg7 3. Nc3 d6 4. e4 Nf6 5. Nf3 O-O 6. Be2 Nbd7 7. O-O e5 8. Be3
h6 9. h3 c6 10. Qc2 Nh5 11. dxe5 dxe5 12. g3 Re8 13. Rfd1 Qf6 14. Nh2 Nf8 15.
Ng4 Qe7 16. Nxh6+ Bxh6 17. Bxh6 Bxh3 18. Bxh5 gxh5 19. Qe2 Bg4 20. f3 Be6 21.
Qh2 h4 22. gxh4 Ng6 23. h5 Qf6 24. hxg6 Qxf3 25. Qg2 Qxg2+ 26. Kxg2 Bxc4 27.
Rd7 b5 28. gxf7+ Bxf7 29. Rf1 Bc4 30. Rf6 Re6 31. Rxe6 Bxe6 32. Re7 Bf7 33. a3
a5 34. Rxe5 b4 35. Ne2 bxa3 36. bxa3 a4 37. Rg5+ Kh8 38. Bg7+ Kh7 39. Bd4 Bg6
40. Kf3 Rb8 41. Rc5 Rb3+ 42. Rc3 c5 43. Rxb3 axb3 44. Bb2 1-0

[Event "CAN-op"]
[Site "Toronto CAN"]
[Date "1983.07.10"]
[Round "2"]
[White "Ivanovic, Bozidar"]
[Black "Hergott, Deen"]
[Result "1-0"]
[WhiteElo "2480"]
[BlackElo "2313"]
[PlyCount "69"]
[EventDate "1983.07.09"]
[EventType "swiss"]
[EventRounds "10"]
[EventCountry "CAN"]

1. e4 e6 2. d4 d5 3. Nd2 Nc6 4. Ngf3 Nf6 5. e5 Nd7 6. Bb5 a5 7. O-O Na7 8. Bd3
c5 9. c3 Nc6 10. Re1 cxd4 11. cxd4 Qb6 12. Ng5 Nxd4 13. Ndf3 Bc5 14. Nxd4 Bxd4
15. Qh5 g6 16. Qf3 Rf8 17. Nxh7 Nxe5 18. Rxe5 Bxe5 19. Nxf8 Kxf8 20. Bxg6 Qc7
21. h4 Kg8 22. Bd3 f5 23. Bg5 Bxb2 24. Re1 Bd7 25. Bxf5 exf5 26. Qxd5+ Kh8 27.
Qf7 Bg7 28. Re7 Qc3 29. Bh6 Qa1+ 30. Kh2 Rg8 31. Bf4 Qf6 32. Qh5+ Bh6 33. Rxd7
Rg6 34. Bxh6 Rxh6 35. Qe8+ 1-0

[Event "CAN-op"]
[Site "Toronto CAN"]
[Date "1983.07.10"]
[Round "3"]
[White "Hergott, Deen"]
[Black "Pacey, Kevin"]
[Result "1/2-1/2"]
[WhiteElo "2221"]
[BlackElo "2056"]
[PlyCount "81"]
[EventDate "1983.07.09"]
[EventType "swiss"]
[EventRounds "10"]
[EventCountry "CAN"]

1. Nf3 Nf6 2. c4 g6 3. b4 Bg7 4. Bb2 d6 5. e3 e5 6. d3 O-O 7. Be2 a5 8. a3 Nbd7
9. Nc3 c6 10. Qb3 Re8 11. O-O Nf8 12. Rac1 h6 13. Rfd1 g5 14. Na4 b5 15. Nc3
Be6 16. d4 e4 17. Nd2 bxc4 18. Bxc4 axb4 19. axb4 d5 20. Be2 Qd6 21. Na4 Ng4
22. Nf1 Bd7 23. Rd2 h5 24. Rdc2 Re6 25. h3 Nf6 26. Nc5 h4 27. Nxe6 Qxe6 28. Nh2
Ng6 29. Ra1 Rb8 30. Ra6 Bf8 31. b5 Bd6 32. Ba3 Bxh2+ 33. Kxh2 g4 34. hxg4 Nxg4+
35. Bxg4 Qxg4 36. Raxc6 Bxc6 37. Rxc6 h3 38. gxh3 Qf3 39. Rxg6+ fxg6 40. Qxd5+
Kh7 41. Kg1 1/2-1/2

[Event "Victoria Day op"]
[Site "Scarborough CAN"]
[Date "1983.05.23"]
[Round "6"]
[White "Hergott, Deen"]
[Black "Pacey, Kevin"]
[Result "1/2-1/2"]
[WhiteElo "2162"]
[BlackElo "1980"]
[PlyCount "25"]
[EventDate "1983.05.21"]
[EventType "swiss"]
[EventRounds "6"]
[EventCountry "CAN"]

1. e4 d6 2. d4 g6 3. Nc3 Bg7 4. Nge2 Nc6 5. Be3 Nf6 6. f3 a6 7. Qd2 Na5 8. Nc1
b5 9. g4 h5 10. g5 Nd7 11. Nb3 c6 12. Nd1 Nb7 13. a4 1/2-1/2

[Event "November op"]
[Site "Toronto CAN"]
[Date "1982.11.??"]
[Round "?"]
[White "Simon, Paul"]
[Black "Hergott, Deen"]
[Result "1-0"]
[WhiteElo "2086"]
[BlackElo "2294"]
[PlyCount "59"]
[EventDate "1982.11.??"]
[EventType "tourn"]
[EventRounds "5"]
[EventCountry "CAN"]

1. e4 e6 2. d4 d5 3. Nd2 Nf6 4. e5 Nfd7 5. Bd3 c5 6. c3 b6 7. Ne2 Ba6 8. Bxa6
Nxa6 9. O-O b5 10. f4 g6 11. Kh1 Nb6 12. Ng3 cxd4 13. cxd4 Rc8 14. f5 exf5 15.
Nf3 Be7 16. Qe2 Nc7 17. Bh6 a6 18. e6 Nxe6 19. Ne5 Bf6 20. Rae1 Qd6 21. Rxf5
gxf5 22. Nxf5 Bxe5 23. Nxd6+ Bxd6 24. Qh5 Ke7 25. Bg5+ Kf8 26. Qh6+ Kg8 27.
Rxe6 Bf8 28. Qh3 h6 29. Rxb6 hxg5 30. Qxc8 1-0

[Event "Oktoberfest op"]
[Site "Kitchener CAN"]
[Date "1982.10.??"]
[Round "?"]
[White "Hergott, Deen"]
[Black "Hartman, Brian"]
[Result "0-1"]
[WhiteElo "2150"]
[BlackElo "2294"]
[PlyCount "74"]
[EventDate "1982.10.??"]
[EventType "swiss"]
[EventCountry "CAN"]

1. d4 Nf6 2. c4 e6 3. Nf3 b6 4. a3 Bb7 5. Nc3 d5 6. cxd5 Nxd5 7. e3 Be7 8. Bb5+
c6 9. Bd3 Nxc3 10. bxc3 c5 11. Ne5 O-O 12. Qh5 f5 13. O-O Nd7 14. Nxd7 Qxd7 15.
f4 Rac8 16. Bb2 c4 17. Bc2 Bd5 18. e4 fxe4 19. Rae1 Qc6 20. Qe2 Bd6 21. Bc1 Rf6
22. Bxe4 Rcf8 23. g3 b5 24. Qc2 g6 25. h4 a5 26. h5 Kg7 27. Rf2 Bxe4 28. Rxe4
gxh5 29. Rh2 Rg6 30. Kf2 Qd5 31. Qe2 Rf5 32. Rh1 Kf7 33. g4 hxg4 34. Rxh7+ Kg8
35. Rh4 g3+ 36. Kg1 Kg7 37. Rg4 Rff6 0-1

[Event "Wch-U20"]
[Site "Copenhagen DEN"]
[Date "1982.08.12"]
[Round "1"]
[White "Bator, Robert"]
[Black "Hergott, Deen"]
[Result "0-1"]
[WhiteElo "2227"]
[BlackElo "2290"]
[PlyCount "82"]
[EventDate "1982.08.12"]
[EventType "tourn"]
[EventRounds "13"]
[EventCountry "DEN"]

1. e4 c5 2. Nf3 d6 3. d4 cxd4 4. Nxd4 Nf6 5. Nc3 g6 6. Be3 Bg7 7. f3 O-O 8. Qd2
Nc6 9. g4 Be6 10. O-O-O Nxd4 11. Bxd4 Qa5 12. a3 Rfc8 13. Kb1 Rab8 14. g5 Nh5
15. Nd5 Qxd2 16. Rxd2 Bxd5 17. exd5 a6 18. Ba7 Ra8 19. Bb6 Be5 20. Bh3 Rc4 21.
Bg4 Nf4 22. b3 Rc3 23. Bd4 h5 24. Re1 Bxd4 25. Rxd4 Ng2 26. Re2 hxg4 27. Rxg2
gxf3 28. Rf2 Rac8 29. Rf4 R8c5 30. Re4 Kf8 31. Kb2 b5 32. Rd2 a5 33. Rf2 f5 34.
gxf6 exf6 35. Rf4 Kg7 36. b4 axb4 37. axb4 R5c4 38. Rxc4 Rxc4 39. Rxf3 Rxb4+
40. Kc3 Rc4+ 41. Kd3 Rc5 0-1

[Event "Wch-U20"]
[Site "Copenhagen DEN"]
[Date "1982.??.??"]
[Round "2"]
[White "Hergott, Deen"]
[Black "Hjorth, Gregory"]
[Result "0-1"]
[WhiteElo "2215"]
[BlackElo "2270"]
[PlyCount "80"]
[EventDate "1982.08.12"]
[EventType "tourn"]
[EventRounds "13"]
[EventCountry "DEN"]
[Source "ChessBase"]
[SourceDate "1999.11.18"]

1. Nf3 Nf6 2. c4 b6 3. g3 Bb7 4. Bg2 g6 5. d4 Bg7 6. O-O O-O 7. Nc3 Ne4 8. Nxe4
Bxe4 9. d5 Qc8 10. Bh3 Bxf3 11. exf3 e6 12. Re1 c6 13. Re2 b5 14. dxe6 dxe6 15.
Bf4 bxc4 16. Qc2 Nd7 17. Qxc4 Nb6 18. Qc2 Nd5 19. Be5 Bxe5 20. Rxe5 Rb8 21. Rc1
Nb4 22. Qc4 Qd8 23. Bf1 Qd2 24. Re2 Qd5 25. a3 Nd3 26. Rd2 Ne5 27. Rxd5 Nxc4
28. Rd7 Ne5 29. Rxa7 Rxb2 30. f4 Nf3+ 31. Kg2 Nd4 32. Rd7 Nf5 33. Rd3 Rc8 34.
Rdc3 Ra2 35. Bc4 Rd2 36. Bb5 Rb8 37. Bd3 Rbb2 38. Bxf5 Rxf2+ 39. Kg1 gxf5 40.
Rxc6 Rg2+ 0-1

[Event "Wch-U20"]
[Site "Copenhagen DEN"]
[Date "1982.??.??"]
[Round "3"]
[White "Hjartarson, Johann"]
[Black "Hergott, Deen"]
[Result "1-0"]
[WhiteElo "2400"]
[BlackElo "2215"]
[PlyCount "125"]
[EventDate "1982.08.12"]
[EventType "tourn"]
[EventRounds "13"]
[EventCountry "DEN"]
[Source "ChessBase"]
[SourceDate "1999.11.18"]

1. c4 e5 2. Nc3 Nc6 3. Nf3 Nf6 4. g3 d5 5. cxd5 Nxd5 6. Bg2 Nb6 7. d3 Be7 8. a3
a5 9. O-O O-O 10. Be3 Be6 11. Na4 f5 12. Rc1 Nxa4 13. Qxa4 Bf6 14. Qb5 Rb8 15.
Nd2 Nd4 16. Bxd4 c6 17. Qb6 exd4 18. Qxd8 Rfxd8 19. b4 axb4 20. axb4 Ra8 21.
Rc2 Bd5 22. Rb1 Bxg2 23. Kxg2 Rd5 24. Nb3 Be7 25. Rc4 Ra4 26. Nxd4 c5 27. Nc2
b5 28. Ne3 Re5 29. Rc2 Rxb4 30. Rxb4 cxb4 31. d4 Re6 32. Nxf5 Bf8 33. Rd2 g6
34. d5 Re5 35. Nh4 b3 36. Nf3 b2 37. Rxb2 Rxd5 38. e3 b4 39. Nd4 Kf7 40. Kf3
Ke8 41. Ke4 Ra5 42. f4 Kd7 43. g4 Ra1 44. Rd2 Rb1 45. Kd5 Rc1 46. Ra2 Rc5+ 47.
Ke4 Rc7 48. Ra8 Be7 49. Rb8 Ra7 50. g5 Bd6 51. Rb5 Ra3 52. h4 Rc3 53. Rd5 Rc4
54. Kd3 Rc1 55. e4 Ke7 56. f5 Rc3+ 57. Ke2 Bf4 58. f6+ Ke8 59. Ne6 Re3+ 60. Kf2
Rxe4 61. Ng7+ Kf7 62. Kf3 Rc4 63. Rd7+ 1-0

[Event "Wch-U20"]
[Site "Copenhagen DEN"]
[Date "1982.??.??"]
[Round "10"]
[White "Hergott, Deen"]
[Black "Arlandi, Ennio"]
[Result "0-1"]
[WhiteElo "2215"]
[BlackElo "2330"]
[PlyCount "126"]
[EventDate "1982.08.12"]
[EventType "tourn"]
[EventRounds "13"]
[EventCountry "DEN"]
[Source "ChessBase"]
[SourceDate "1999.11.18"]

1. e4 e5 2. Bc4 Nf6 3. d3 c6 4. Nf3 d5 5. Bb3 Bd6 6. Nc3 dxe4 7. Nxe4 Nxe4 8.
dxe4 O-O 9. Bg5 Qc7 10. Nd2 Na6 11. Nc4 Be7 12. Bxe7 Qxe7 13. Qd6 Qxd6 14. Nxd6
Nc5 15. Nxc8 Rfxc8 16. f3 a5 17. c3 Kf8 18. Bc2 Ke7 19. Ke2 b5 20. g3 b4 21. f4
Rab8 22. Rab1 Rc7 23. fxe5 Nd7 24. cxb4 axb4 25. e6 Kxe6 26. Bb3+ Ke7 27. Rhf1
Ne5 28. Rf5 f6 29. Rd1 c5 30. Rxe5+ fxe5 31. Rd5 c4 32. Rxe5+ Kd6 33. Rd5+ Ke6
34. Bc2 c3 35. bxc3 bxc3 36. Kd3 Rf8 37. Bb3 Ke7 38. Re5+ Kd8 39. Rd5+ Kc8 40.
Ra5 Rf2 41. Ra8+ Kd7 42. Rg8 Kd6 43. Rd8+ Ke7 44. Rg8 Rd2+ 45. Ke3 Kf6 46. Rf8+
Kg6 47. h4 Rg2 48. Rf1 Rxg3+ 49. Kf4 Rg2 50. Kf3 Rd2 51. Rg1+ Kf6 52. Kf4 Rc5
53. Rc1 Rd4 54. Bc2 g6 55. Bb3 Ke7 56. Ke3 Rd2 57. Rf1 Kd6 58. Rf6+ Kc7 59.
Rf7+ Kb6 60. Rf6+ Kb5 61. Rf1 Rh2 62. Rb1 Rb2 63. Rf1 Kb4 0-1